000 nam a22 a 4500
999 _c3497
_d3497
005 20170523094639.0
008 170523b1996 be ||||| |||| 00| 0 eng d
040 _aAKMAL
082 _a343.08 MOD
090 _a343.08
_bMOD
245 1 0 _aModel Bilateral Agreement On Mutual Administrative Assistance For The Proper Application Of Customs Law And For The Prevention, Investigation, And Combating Customs Offences :
_bIntroduction, Text and Commentary/
_cWorld Customs Organization.
260 _aBrussels;
_bWorld Customs Organization,
_c1996
300 _a40pages
_c30cm
650 1 0 _aCustoms Administration
_xLaw and legislation
_96000
710 1 0 _aWorld Customs Organization
_95917
942 _2ddc
_cBOOK
950 _lAKMAL